Регионална библиотека "Любен Каравелов" - Русе

Където никой няма да те намери (Запис номер 180536)

MARC детайли
000 -Лидер
Контролно поле с фиксирана дължина 01444nam a2200337 c 4500
003 - Код на организацията, давaща контролен номер
Контролно поле BLK
005 - Дата и час на последна редакция
Контролно поле 20180422115106.0
008 - Елементи от данни с фиксирана дължина
fixed length control field 180411b bul|||||r ||||||| ||bul||
010 ## - Наследен системен номер
LC control number KNG00189393000
020 ## - Международен стандартен номер на книга ISBN
Международен стандартен номер на книга ISBN 978-619-150-189-2
-- издат.: Колибри
040 ## - Източник на каталожния запис
Идентификатор на билиотеката - собственик на записа BLK
041 ## - Код за език
Код за езика на текст/звукозапис или на отделно заглавие Български
Код за езика КДБФ Български
072 #7 - Код за тематичната категория
Код организация bullib
Код за тематична категория Н83
Текст Чужда художествена литература Н
080 ## - УДК
Текстов определител УДК Испанска литература
УДК код - определител по УДК 821.134.2
УДК определител -311.6
УДК - код + определител 821.134.2-311.6
100 1# - Редна дума - Автор
Автор Хименес Бартлет, Алисия
Авторска отговорност първи автор
R(LIN) 293850
139 ## - Редно поле
Редна дума Хименес Бартлет, Алисия
Авторски знак Хим - Х 50
245 10 - Сведения за заглавието
Заглавие Където никой няма да те намери
Подзаглавни данни Роман
Редно поле (дума) Алисия Хименес Бартлет; прев. от исп. Захари Стефанов Омайников.
257 ## - Страна на издаване
Страна на създаване/издаване Испания
260 ## - Област на издателските данни
-- София
Име на издателя, разпространителя и проч. Колибри
Година на издаване 2013
Печатница София : Инвестпрес
300 ## - Физическа характеристика
Страници 512 с.
Размери/Мащаб 20 см
380 ## - Жанр
Жанр Худож. лит.
490 1# - СЕРИИ (Колекции)
Име на серия Съвременна европейска проза
500 ## - Общи забележки
Забележка Ориг. загл.: Donde nadie te encuentre / Alicia Gimenez Bartlett
659 ## - Тематичен бюлетин
Тематичен бюлетин Н
700 1# - Други автори (авторска отговорност)
Лично име Омайников, Захари Стефанов
Автороска отговорност (Описва отношението между автора и произведението) прев. от исп.
9 (RLIN) 364697
852 ## - Местоположение
Форматна сигнатура Цб 281624
856 4# - Електронен адрес и достъп
Електронен формат pdf - файл
Път до файла /url/
856 4# - Електронен адрес и достъп
Електронен формат pdf - файл
Път до файла /url/
942 ## - АРТИКУЛИ
Вид на библиотечния материал Книги
Скрит в OPAC Не
944 ## - СЪЗДАВАНЕ И РЕДАКЦИЯ на ЗАПИСА
Създаване/Редакция Създаване
Дата на регистрацията/редакция 09.08.2016
Служител, извършил регистрацията/редакцията Виолета_Тройчева
944 ## - СЪЗДАВАНЕ И РЕДАКЦИЯ на ЗАПИСА
Създаване/Редакция Редакция
Дата на регистрацията/редакция 16.08.2016
Служител, извършил регистрацията/редакцията Симона_Петрова
999 ## - СИСТЕМНИ КОНТРОЛНИ НОМЕРА
Koha biblionumber 180536
Koha biblioitemnumber 180536
Наличности
Код за отписване Код за изгубен артикул Код за повреда Коз за рестрикции Код за отдаване Артикулен № Име на библиотеката - собственик Име на библиотеката, в която се намира в момента Статус (Текущо местоположение) Дата на вписване в системата Местоположение - отдел Цена в лева Инвентарен номер Систематично азбучна сигнатура Баркод Номер на екземпляра Цена в евро Служебна бележка Служебен тип на артикула
  Не е изгубен Не е повреден без рестрикции ползва се в читалня 309403 Регионална библиотека "Любен Каравелов" Русе Регионална библиотека "Любен Каравелов" Русе Хранилище 2016-08-10 Хранилище 16.00 120000802517 Цб 281624 120000802517 1 8.18 Дост: Dp Вид: Д N: 25 Дата: 19.05.2016 Книги
Vip Innovations Ltd, Rousse, Bulgaria 2025